Организация тушения пожара работниками детского сада до прибытия пожарных подразделений; Прогрессивные технологии и экономика в машиностроении

Bibliographic Details
Parent link:Прогрессивные технологии и экономика в машиностроении.— 2025.— С. 57-59
Main Author: Воробьева А. С.
Other Authors: Луговцова Н. Ю. Наталья Юрьевна (научный руководитель)
Summary:В статье рассмотрен вопрос организации тушения пожара силами работников дошкольного образовательного учреждении (ДОУ), что зачастую является залогом дальнейшего успешного пожаротушения. Так же в статье приведены описания подручных средств пожаротушения, способы и методы их применения
The article considers the issue of fire extinguishing by employees of a preschool educational institution, which is often the key to further successful firefighting. The article also contains descriptions of improvised fire extinguishing equipment, methods and methods of their application
Текстовый файл
Language:Russian
Published: 2025
Subjects:
Online Access:http://earchive.tpu.ru/handle/11683/132753
Format: Electronic Book Chapter
KOHA link:https://koha.lib.tpu.ru/cgi-bin/koha/opac-detail.pl?biblionumber=680486

MARC

LEADER 00000naa2a2200000 4500
001 680486
005 20251029153615.0
090 |a 680486 
100 |a 20250606d2025 k||y0rusy50 ca 
101 0 |a rus 
102 |a RU 
135 |a drbn ---uucaa 
200 1 |a Организация тушения пожара работниками детского сада до прибытия пожарных подразделений  |f А. С. Воробьева  |g науч. рук. Луговцова Н. Ю. 
283 |2 RDAcarrier 
320 |a Список использованных источников: 5 назв 
330 |a В статье рассмотрен вопрос организации тушения пожара силами работников дошкольного образовательного учреждении (ДОУ), что зачастую является залогом дальнейшего успешного пожаротушения. Так же в статье приведены описания подручных средств пожаротушения, способы и методы их применения 
330 |a The article considers the issue of fire extinguishing by employees of a preschool educational institution, which is often the key to further successful firefighting. The article also contains descriptions of improvised fire extinguishing equipment, methods and methods of their application 
336 |a Текстовый файл 
463 1 |0 680351  |9 680351  |t Прогрессивные технологии и экономика в машиностроении  |o сборник трудов XVI Всероссийской научно-практической конференции для студентов и учащейся молодежи 9–11 апреля 2025 г., г. Юрга  |c Томск  |d 2025  |n Изд-во ТПУ  |u conference_tpu-2025-C57.pdf  |v С. 57-59 
545 1 |a Экология, безопасность и охрана труда на предприятии 
610 1 |a электронный ресурс 
610 1 |a труды учёных ТПУ 
610 1 |a дошкольное образовательное учреждение 
610 1 |a ДОУ 
610 1 |a пожаротушение 
610 1 |a подручные средства 
610 1 |a пожары 
700 1 |a Воробьева  |b А. С. 
702 1 |a Луговцова  |b Н. Ю.  |c специалист в области экологии и безопасности жизнедеятельности  |c старший преподаватель Юргинского технологического института (филиала) Томского политехнического университета  |f 1983-  |g Наталья Юрьевна  |4 727 
801 0 |a RU  |b 63413507  |c 20250606 
850 |a 63413507 
856 4 |u http://earchive.tpu.ru/handle/11683/132753  |z http://earchive.tpu.ru/handle/11683/132753 
942 |c CF